Countries with the most Indonesian diaspora - Statistics

General Stats
  • This quiz has been taken 97 times
  • The average score is 8 of 10
Answer Stats
Indonesians Country % Correct
8,000,000+ Malaysia
98%
145,000+ United States
97%
200,000+ China
89%
125,000+ Japan
89%
500,000+ Singapore
89%
1,700,000+ Netherlands
76%
1,500,000+ Saudi Arabia
72%
120,000+ United Arab Emirates
66%
300,000+ Taiwan
51%
300,000+ South Africa
28%
No matching quizzes found
Score Distribution
Percent of People with Each Score
Percentile by Number Answered
Your Score History
You have not taken this quiz